000
00210nam a22000977a 4500
999
_c
260721
_d
260720
020
_a
0590465716
100
_a
Edith H. Tarcov
245
_a
The Frog Prince
260
_a
New York
_b
Scholastic
_c
1974
942
_c
BK